On This Day: September 17th Quiz Stats

 Plays Quiz Updated Sep 17, 2017

Challenge
Share
Tweet
Embed
Score 0/7 Timer 03:00
1 Play Today
Question Answer Wrong Answers
The United States Constitution is signed in ______.
1787
Philadelphia
92.6%
Buffalo
1%
Seneca Falls
1.6%
Boston
4.8%
This novel by William Golding, which focuses on a group of British boys stranded on an uninhabited island, is first published.
1954
Lord of the Flies
90.9%
The Catcher in the Rye
2.4%
The Grapes of Wrath
2.2%
The Giver
1.1%
The Occupy ______ movement begins in Zuccotti Park, New York City.
2011
Wall Street
85.9%
Harlem
3.8%
Rockefeller Center
1.3%
Times Square
5.5%
This woman suffers near-fatal injuries in a bus accident in Mexico, causing her to abandon her medical studies and take up art.
1925
Frida Kahlo
67.5%
Lee Miller
0.9%
Hannah Hoch
2.3%
Georgia O’Keefe
26.1%
This American abolitionist escapes from slavery in Maryland.
1849
Harriet Tubman
56.1%
Sojourner Truth
16.5%
John Brown
14%
Booker T. Washington
12.5%
This battle of the American Civil War takes place, the bloodiest single-day battle in American history.
1862
Battle of Antietam
50.2%
Battle of Gettysburg
41.9%
Battle of Fort Sumter
4.8%
Battle of Belmont
1.2%
This American singer-songwriter, who had 35 singles reach the Top 10 of the Billboard Country & Western Best Sellers chart, is born.
1923
Hank Williams
48.4%
Merle Haggard
8.4%
Willie Nelson
31.5%
Woody Guthrie
9%

Today's Daily Dose

Word Ladder
Aquatic Life

On This Day
August 21st II

You're not logged in!

Compare scores with friends on all Sporcle quizzes.
Join for Free
OR
Log In

You Might Also Like...

Show Comments

Extras

Top Quizzes Today


Score Distribution

Your Account Isn't Verified!

In order to create a playlist on Sporcle, you need to verify the email address you used during registration. Go to your Sporcle Settings to finish the process.

Report this User

Report this user for behavior that violates our Community Guidelines.

Details: